| 000 | 00858nam a22002777a 4500 | ||
|---|---|---|---|
| 003 | URS | ||
| 005 | 20250128223713.0 | ||
| 008 | 250122b |||||||| |||| 00| 0 eng d | ||
| 020 | _a978-1-5296-0259-3 | ||
| 020 | _a978-1-5296-0258-6 (PBK) | ||
| 040 | _cURS | ||
| 050 | 0 | 0 |
_aHV40 _b.So1312 2023 |
| 100 | 1 |
_aedited by Lishman, joyce ...[et.al.] _eeditor |
|
| 245 | 1 | 0 |
_aSocial work an introduction / _cedited by joyce Lishman ...[et.al.] |
| 250 | _athird edition. | ||
| 264 | 1 |
_aLA: _bSAGE publication., _c@2023 |
|
| 300 |
_axii,687pages; _billustration, _c23cm. |
||
| 336 |
_2rdacontent _a text |
||
| 337 |
_2 rdamedia _aunmediated |
||
| 338 |
_2 rdacarrier _avolume |
||
| 504 | _ait includes references, index. | ||
| 650 | _2Social service. | ||
| 650 | _2Social work. | ||
| 650 | _2Social service--methodology. | ||
| 942 |
_2lcc _cFR |
||
| 999 |
_c81871 _d81870 |
||